Kształty państw na literę A - Statystyki

Ogólne statystyki
  • Ten quiz został rozwiązany 139 razy
  • Średni wynik to 10 z 12
Statystyki odpowiedzi
Obrazkowy Odpowiedź % Poprawnych
Australia
97%
Austria
93%
Argentyna
88%
Algieria
85%
Albania
84%
Angola
84%
Afganistan
78%
Antigua i Barbuda
77%
Arabia Saudyjska
75%
Azerbejdżan
74%
Armenia
71%
Andora
61%
Nie znaleziono quizów pasujących do podanych kryteriów
Rozkład punktacji
Procent ludzi z każdym wynikiem
Percentyl według liczby udzielonych odpowiedzi
Twoja historia wyników
Nie rozwiązałeś tego quizu